| 000 | 00558nam a22001817a 4500 | ||
|---|---|---|---|
| 005 | 20170920115931.0 | ||
| 010 | _a1718EN-30 | ||
| 020 |
_a9781137611949 _c545.00 |
||
| 037 |
_bPalgrave Macmillan _adpl |
||
| 100 | _aByrne, Eleanor | ||
| 245 |
_aHomi K. Bhabha _cby Eleanor Byrne |
||
| 260 |
_aNew York _bPalgrave Macmillan _c2017 |
||
| 270 |
_a175, Fifth Avaenue, _bNew York _eNY-10010 |
||
| 300 | v |
_axiv,173p. _c21cm(pbk) |
|
| 500 | _aIncludes bibliographical and index | ||
| 942 |
_2ddc _cEN _mBYR |
||
| 999 |
_c145049 _d145049 |
||